Регионална библиотека "Любен Каравелов" - Русе

География на света (Запис номер 83788)

MARC детайли
000 -Лидер
Контролно поле с фиксирана дължина 01821nam a2200373 c 4500
003 - Код на организацията, давaща контролен номер
Контролно поле BLK
005 - Дата и час на последна редакция
Контролно поле 20240513164416.0
008 - Елементи от данни с фиксирана дължина
fixed length control field 180408b bul|||||r ||||||| ||bul||
010 ## - Наследен системен номер
LC control number KNG00088354000
020 ## - Международен стандартен номер на книга ISBN
Международен стандартен номер на книга ISBN 978-954-320-207-2
-- издат.: Рива
040 ## - Източник на каталожния запис
Идентификатор на билиотеката - собственик на записа BLK
041 ## - Код за език
Код за езика на текст/звукозапис или на отделно заглавие Български
Код за езика КДБФ Български
080 ## - УДК
Текстов определител УДК География, обща
УДК код - определител по УДК 911
УДК определител (02.062)
УДК - код + определител 911(02.062)
080 ## - УДК
Текстов определител УДК Социография. Социално положение. Условия на политическия и социалния живот. Социално и социално-икономическо положение на отделните страни, народи, раси. Социална география. (Общи въпроси)
УДК код - определител по УДК 308
УДК определител (100)(02.062)
УДК - код + определител 308(100)(02.062)
100 1# - Редна дума - Автор
Автор Баро, Жан-Клод
Авторска отговорност първи автор
R(LIN) 301125
139 ## - Редно поле
Редна дума Баро, Жан-Клод и др.
Авторски знак Бар - Б 26
245 10 - Сведения за заглавието
Заглавие География на света
Редно поле (дума) Жан-Клод Баро; съавт. Гийом Биго; прев. от фр. Нина Венова.
257 ## - Страна на издаване
Страна на създаване/издаване Франция
260 ## - Област на издателските данни
-- София
Име на издателя, разпространителя и проч. Рива
Година на издаване 2008
Печатница В. Търново : Абагар
300 ## - Физическа характеристика
Страници 304 с.
Илюстрации и др. с к.
Размери/Мащаб 23 см
380 ## - Жанр
Жанр География
500 ## - Общи забележки
Забележка Ориг. загл. Toute la geographie du monde / Jean-Claud Barreau, Guillaume Bigot. - Офс. изд. - Списък на картите.
650 #4 - Допълнително описание по предмет – тема
Основно описание – тема или топоним Свят - география
9 (RLIN) 242274
651 #4 - Допълнително описание по предмет - топоним
Географско понятие Свят
9 (RLIN) 179507
653 ## - Ключова дума – ненормативна
Ключова дума география
700 1# - Други автори (авторска отговорност)
Лично име Биго, Гийом
Автороска отговорност (Описва отношението между автора и произведението) съавт.
9 (RLIN) 38942
700 1# - Други автори (авторска отговорност)
Лично име Венова, Нина
Автороска отговорност (Описва отношението между автора и произведението) прев. от фр.
9 (RLIN) 367694
852 ## - Местоположение
Форматна сигнатура Цб 243235
856 4# - Електронен адрес и достъп
Електронен формат pdf - файл
Път до файла /url/
856 4# - Електронен адрес и достъп
Електронен формат pdf - файл
Път до файла /url/
942 ## - АРТИКУЛИ
Вид на библиотечния материал Книги
Скрит в OPAC Не
Koha issues (borrowed), all copies 15
944 ## - СЪЗДАВАНЕ И РЕДАКЦИЯ на ЗАПИСА
Създаване/Редакция Създаване
Дата на регистрацията/редакция 17.03.2009
Статус, дата на статуса Галина Якимова
Служител, извършил регистрацията/редакцията 30564
944 ## - СЪЗДАВАНЕ И РЕДАКЦИЯ на ЗАПИСА
Създаване/Редакция Редакция
Дата на регистрацията/редакция 02.11.2010
Статус, дата на статуса ф /
Служител, извършил регистрацията/редакцията
999 ## - СИСТЕМНИ КОНТРОЛНИ НОМЕРА
Koha biblionumber 83788
Koha biblioitemnumber 83788
Наличности
Код за отписване Код за изгубен артикул Източник на класификационната схема Код за повреда Коз за рестрикции Код за отдаване Артикулен № Име на библиотеката - собственик Име на библиотеката, в която се намира в момента Статус (Текущо местоположение) Дата на вписване в системата Местоположение - отдел Цена в лева Инвентарен номер Систематично азбучна сигнатура Баркод Номер на екземпляра Цена в евро Служебна бележка Служебен тип на артикула
  Не е изгубен Universal Decimal Classification Не е повреден без рестрикции заемане за дома 136165 Регионална библиотека "Любен Каравелов" Русе Регионална библиотека "Любен Каравелов" Русе Заемна - подръчен фонд 2009-03-17 Заемна - подръчен фонд 14.00 120000734264 П 911/Б 26 120000734264 1 7.16 Дост: Pk Вид: Ф N: 301 Дата: 17.03.2009 Книги
  Не е изгубен   Не е повреден без рестрикции заемане за дома 136166 Регионална библиотека "Любен Каравелов" Русе Регионална библиотека "Любен Каравелов" Русе Заемна - подръчен фонд 2009-03-17 Заемна - подръчен фонд 14.00 120000734265 П 911/Б 26 120000734265 2 7.16 Дост: Pk Вид: Ф N: 301 Дата: 17.03.2009 Дата инв: 07.02.2018 Бележки инв: П2018 Книги
  Не е изгубен   Не е повреден без рестрикции ползва се в читалня 136167 Регионална библиотека "Любен Каравелов" Русе Регионална библиотека "Любен Каравелов" Русе Хранилище 2010-11-03 Хранилище 14.00 120000746963 Цб 243235 120000746963 3 7.16 Дост: Dp Вид: Д N: 9 Дата: 17.02.2010 Книги
Vip Innovations Ltd, Rousse, Bulgaria 2025